Statistics for (Spoiler Alert) Most Popular Toy Story 4 Characters

Click here to take the quiz!

General Stats

  • This quiz has been taken 145 times
    (120 since last reset)
  • The average score is 11 of 15

Answer Stats

HintsAnswer% Correct
Space GuyBuzz
99%
CowboyWoody
99%
CowgirlJessie
95%
The other DinosaurRex
84%
Creepy DollGabby Gabby
77%
New CharacterForky
75%
HorseBullseye
73%
Married to Mr. Potato HeadMrs. Potato Head
73%
Lost DollBo Peep
69%
Andy’s younger SisterMolly
65%
One of the 3 goatsBilly
60%
“Yes I Canada!”Duke
60%
One of the 3 goatsGoat
56%
One of the 3 goatsGruff
56%
One of the DinosaursTrixie
51%

Score Distribution

Percentile by Number Answered

Percent of People with Each Score

Your Score History

You have not taken this quiz since the last reset